|
|
|
|
| LEADER |
01266nam a2200289 u 4500 |
| 001 |
10008948 |
| 003 |
upatras |
| 005 |
20210117204128.0 |
| 008 |
881025s1992 us eng |
| 020 |
|
|
|a 0750692529
|
| 040 |
|
|
|a GR-PaULI
|c GR-PaULI
|
| 041 |
0 |
|
|a eng
|
| 082 |
0 |
4 |
|a 610.28
|
| 245 |
1 |
0 |
|a Management of medical technology
|b a primer for clinical engineers
|c edited by Joseph D. Bronzino
|
| 260 |
|
|
|a Boston
|b Butterworth - Heinemann
|c 1992
|
| 300 |
|
|
|a 451 p.
|b fig.
|c 26 cm
|
| 490 |
0 |
|
|a Biomedical engineering series
|
| 505 |
1 |
|
|a Includes index
|
| 650 |
|
4 |
|a Βιοϊατρική τεχνολογία
|9 3912
|
| 700 |
1 |
|
|a Bronzino, Joseph D.,
|d 1937-
|9 116626
|
| 760 |
1 |
|
|a Biomedical engineering series
|
| 852 |
|
|
|a GR-PaULI
|b ΠΑΤΡΑ
|b ΒΚΠ
|b ΒΣ1
|k ΑΣΧΞ
|h 610.28 B
|m 20554
|p 025000071770
|t 2
|
| 852 |
|
|
|a GR-PaULI
|b ΠΑΤΡΑ
|b ΒΚΠ
|b ΒΣ1
|k ΟΧΙΔ
|h 610.28 B
|m 20553
|p 025000076570
|t 1
|
| 942 |
|
|
|2 ddc
|c BK15
|
| 952 |
|
|
|0 0
|1 0
|4 0
|6 610_280000000000000_B
|7 0
|9 135965
|a LISP
|b LISP
|c BSC
|d 2016-04-24
|i 20554
|l 0
|o 610.28 B
|p 025000071770
|r 2016-04-24 00:00:00
|t 2
|w 2016-04-24
|y BK15
|
| 952 |
|
|
|0 0
|1 0
|4 0
|6 610_280000000000000_B
|7 0
|9 135966
|a LISP
|b LISP
|c BSC
|d 2016-04-24
|i 20553
|l 0
|o 610.28 B
|p 025000076570
|r 2016-04-24 00:00:00
|t 1
|w 2016-04-24
|y BKN
|
| 999 |
|
|
|c 89025
|d 89025
|